| 000 | 01214nam a22002537a 4500 | ||
|---|---|---|---|
| 999 |
_c60064 _d60064 |
||
| 003 | Ge_BSU | ||
| 005 | 20230602171436.0 | ||
| 008 | 230602s1984ge xxu||||| |||| 00| 0 geo d | ||
| 020 | _a9788378932185 | ||
| 041 | _ageo | ||
| 080 | _a791.43(479.22) ხ-93 | ||
| 100 |
_aხუნდაძე,ხათუნა _918438 |
||
| 245 |
_a"ნეილონის ნაძვის ხე" _b[ქართ. მხატვრ. ფილმი] / _cხათუნა ხუნდაძე, რედ: მზია ქურცაძე, სცენარი რ. ესაძე, ამირან დოლიძე |
||
| 264 |
_bWojnowice, _c2018. |
||
| 300 |
_a70 გვ .: _bილ; _c23 სმ. |
||
| 653 | _aკინოხელოვნება | ||
| 653 | _aკინოფილმები | ||
| 700 |
_aხუნდაძე, ხათუნა _eშემდგენელი _918439 |
||
| 700 |
_aქურცაძე, მზია _eრედაქტორი _918440 |
||
| 700 |
_a ესაძე, რ _eსცენარი _918441 |
||
| 700 |
_aდოლიძე,ამირან _eსცენარი _918442 |
||
| 710 |
_aქართული კინო _918453 |
||
| 942 |
_2udc _cBK |
||